Library Banner

LFO : a fraud on the constitution/ (Record no. 100244)

MARC details
000 -LEADER
fixed length control field 00400nam a22001457a 4500
005 - DATE AND TIME OF LATEST TRANSACTION
control field 20171123132234.0
008 - FIXED-LENGTH DATA ELEMENTS--GENERAL INFORMATION
fixed length control field 171123b xxu||||| |||| 00| 0 eng d
040 ## - CATALOGING SOURCE
Transcribing agency PK-LaUMT
082 ## - DEWEY DECIMAL CLASSIFICATION NUMBER
Classification number PKAC 324.095491
Item number RAZ-L
100 ## - MAIN ENTRY--PERSONAL NAME
Personal name Raza Rabbani , Mian
245 ## - TITLE STATEMENT
Title LFO : a fraud on the constitution/
Statement of responsibility, etc Mian Raza Rabbani
260 ## - PUBLICATION, DISTRIBUTION, ETC. (IMPRINT)
Place of publication, distribution, etc Karachi:
Name of publisher, distributor, etc Q.A. publishers,
Date of publication, distribution, etc 2003
300 ## - PHYSICAL DESCRIPTION
Extent 241 p.
942 ## - ADDED ENTRY ELEMENTS (KOHA)
Koha item type Books
Holdings
Withdrawn status Lost status Damaged status Home library Current library Date acquired Full call number Barcode Date last seen Price effective from Koha item type
      UMT Main Campus UMT Main Campus 2017-11-23 PKAC 324.095491 RAZ-L 116064 2017-11-23 2017-11-23 Books